000 00271nam a22001337a 4500
008 170302b xxu||||| |||| 00| 0 eng d
020 _a08053091003
041 _aeng
080 _a575
100 _a6
101 _aSHM
245 _aGENETICS
_cZUBAY, G
942 _2udc
_cBK
999 _c6584
_d6584